The Stanley Parable Quiz - Statistics

General Stats
  • This quiz has been taken 33 times
  • The average score is 6 of 11
Answer Stats
Hint Answer % Correct
Who is the person you play as? Stanley
100%
What number is an achievement in the game? 8
78%
Which door does the narrator tell you to walk through in the beginning? The Left
74%
What was the first game referenced in the Games Ending Route? Minecraft
67%
How many "Endings" are in The Stanley Parable? 19
56%
What was Stanley's job in the game? Pushing buttons
56%
What was the second game? Portal
48%
Which door does the narrator tell you to walk through after going an alternative route? The Red
44%
How can you legitimately go "Out of bounds" in the game? Window over desk.
41%
What was the third? (Or at least, what was it made out of?) Half Life 2
30%
When was The Stanley Parable released on Steam? October 17, 2013
15%
No matching quizzes found
Score Distribution
Percent of People with Each Score
Percentile by Number Answered
Your Score History
You have not taken this quiz